00274 a2200133 4500001000700000020001800007040001100025100003100036240002700067245002200094300000700116362000900123440000800132185572 a85-7153-180-3 cMagnum aQueiros, Bartolomeu Campos10aCorrespondêncialpor10aCorrespondência a240 a2004 1aRHJ